LEADER 03030nam 2200709 450 001 9910787875403321 005 20200520144314.0 010 $a0-7391-7666-8 035 $a(CKB)2670000000544953 035 $a(EBL)1642894 035 $a(SSID)ssj0001133132 035 $a(PQKBManifestationID)12532676 035 $a(PQKBTitleCode)TC0001133132 035 $a(PQKBWorkID)11172679 035 $a(PQKB)10294713 035 $a(MiAaPQ)EBC1642894 035 $a(Au-PeEL)EBL1642894 035 $a(CaPaEBR)ebr10852575 035 $a(CaONFJC)MIL582487 035 $a(OCoLC)874097787 035 $a(EXLCZ)992670000000544953 100 $a20140410h20142014 uy 0 101 0 $aeng 135 $aur|n|---||||| 181 $ctxt 182 $cc 183 $acr 200 10$aUpheavals in the Middle East $ethe theory and practice of the revolution /$fRonen A. Cohen 210 1$aLanham, Maryland ;$aPlymouth, England :$cLexington Books,$d2014. 210 4$dİ2014 215 $a1 online resource (303 p.) 300 $aDescription based upon print version of record. 311 $a1-4985-5079-7 311 $a0-7391-7665-X 320 $aIncludes bibliographical references and index. 327 $aPart I. Theoritical approaches -- Part II. Case studies analysis, the Middle East states, opposition groups, underground and political movements -- Part III. Case studies analysis, anti-state paradigm in the terror organizations' agenda/substate fundamental organizations. 330 $aUpheavals in the Middle East: The Theory and Practice of a Revolution offers theoretical discussion of revolutionary events and applies the resulting framework to a number of case studies from the Middle East. It deals with seventeen cases study from a range of Muslim and Arab states and provides a theoretical framework to study other situations all over the world, including cases from the recent Arab Spring. 606 $aRevolutions$zMiddle East$vCase studies 606 $aRevolutions$zArab countries$vCase studies 606 $aGovernment, Resistance to$zMiddle East$vCase studies 606 $aGovernment, Resistance to$zArab countries$vCase studies 606 $aIslamic fundamentalism$xPolitical aspects$zMiddle East$vCase studies 606 $aIslamic fundamentalism$xPolitical aspects$zArab countries$vCase studies 606 $aInsurgency$zMiddle East$vCase studies 606 $aInsurgency$zArab countries$vCase studies 615 0$aRevolutions 615 0$aRevolutions 615 0$aGovernment, Resistance to 615 0$aGovernment, Resistance to 615 0$aIslamic fundamentalism$xPolitical aspects 615 0$aIslamic fundamentalism$xPolitical aspects 615 0$aInsurgency 615 0$aInsurgency 676 $a321.0940956 700 $aCohen$b Ronen A.$01582174 801 0$bMiAaPQ 801 1$bMiAaPQ 801 2$bMiAaPQ 906 $aBOOK 912 $a9910787875403321 996 $aUpheavals in the Middle East$93864295 997 $aUNINA LEADER 02227nas 2200697- 450 001 9910214918503321 005 20241221111332.0 011 $a2057-7559 035 $a(OCoLC)1004968674 035 $a(CKB)2660000000034900 035 $a(CONSER)--2020240106 035 $a(MiFhGG)54NO 035 $a(DE-599)ZDB2960293-2 035 $a(EXLCZ)992660000000034900 100 $a20150116a20159999 o-- - 101 0 $aeng 135 $aur||||||||||| 181 $ctxt$2rdacontent 182 $cc$2rdamedia 183 $acr$2rdacarrier 200 00$aCardiac failure review $eCFR 210 1$aBuckinghamshire :$cRadcliffe Medical Media,$d2015- 300 $aRefereed/Peer-reviewed 311 08$a2057-7540 517 1 $aCard Fail Rev 517 1 $aCFR 531 $aCARD FAIL REV 606 $aHeart failure$vPeriodicals 606 $aCongestive heart failure$vPeriodicals 606 $aHeart failure$xTreatment$vPeriodicals 606 $aHeart failure$xManagement$vPeriodicals 606 $aHeart failure$xDiagnosis$vPeriodicals 606 $aHeart Failure$xdiagnosis 606 $aHeart Failure$xprevention & control 606 $aHeart Failure$xtherapy 606 $aCongestive heart failure$2fast$3(OCoLC)fst00875125 606 $aHeart failure$2fast$3(OCoLC)fst00953724 606 $aHeart failure$xDiagnosis$2fast$3(OCoLC)fst00953726 606 $aHeart failure$xTreatment$2fast$3(OCoLC)fst00953732 608 $aFulltext. 608 $aInternet Resources. 608 $aPeriodicals. 608 $aPeriodicals.$2fast 615 0$aHeart failure 615 0$aCongestive heart failure 615 0$aHeart failure$xTreatment 615 0$aHeart failure$xManagement 615 0$aHeart failure$xDiagnosis 615 12$aHeart Failure$xdiagnosis. 615 12$aHeart Failure$xprevention & control. 615 12$aHeart Failure$xtherapy. 615 7$aCongestive heart failure. 615 7$aHeart failure. 615 7$aHeart failure$xDiagnosis. 615 7$aHeart failure$xTreatment. 676 $a616.1005 712 02$aRadcliffe Cardiology, 906 $aJOURNAL 912 $a9910214918503321 996 $aCardiac failure review$91955948 997 $aUNINA